Normal view
MARC view
Entry Topical Term
001 - CONTROL NUMBER
- control field: 16075
003 - CONTROL NUMBER IDENTIFIER
- control field: dpl
005 - DATE AND TIME OF LATEST TRANSACTION
- control field: 20100823103725.0
008 - FIXED-LENGTH DATA ELEMENTS
- fixed length control field: 100823|||a|||||| | ||| d
040 ## - CATALOGING SOURCE
- Original cataloging agency: dpl
- Transcribing agency: dpl
150 ## - HEADING--TOPICAL TERM
- Topical term or geographic name as entry element: Food supply
- Geographic subdivision: India
670 ## - SOURCE DATA FOUND
- Source citation: Work cat.: (dpl)42700: Gender, food security and rurul livelihoods /, 2007
670 ## - SOURCE DATA FOUND
- Source citation: Work cat.: (dpl)42700: Gender, food security and rurul livelihoods /, 2007
